000 01116nam0a22002771 4500
001 rc\2997865
005 20250806200541.0
035 _a(NLR Aleph) 007141462
090 _a70506
_c70506
100 _a20100906d1945 u y0rusy50 ca
101 0 _arus
102 _aRU
105 _aa z ||||y
200 1 _aПроектирование хлопкопрядильных фабрик
_eУтв. ВКВШ при СНК СССР в качестве учеб. пособия для вузов текстильной пром-сти
_fВ.М. Крюков
210 _aМосква
_aЛенинград
_cГизлегпром
_d1945
_eМосква
_gЦентр. тип. им. Ворошилова
215 _a272 с.
_cил.
_d23 см
320 _aПредм. указ., с. 269-70
320 _a"Литература", с. 268
700 1 _aКрюков
_bВ.М.
_gВасилий Михайлович
801 0 _aRU
_bNLR
_gpsbo
801 1 _aRU
_bELAR
_2rusmarc
852 _aNLR
_jТ56 Г-5/38
942 _cBOOK
945 _aРоссийская национальная библиотека
980 _aNB
980 _aBV